Educación, comunicación y cultura en la sociedad de la información: una perspectiva latinoamericana /

El autor argumenta la necesidad de armonizar los saltos educativos con otro pilar de la sociedad de la información, a saber, el acceso al intercambio comunicacional por medios interactivos, donde no sólo se juega la competitividad, sino también la identidad cultural y, cada vez más, la participación...

ver descrição completa

Na minha lista:
Detalhes bibliográficos
Autor principal: Hopenhayn, Martín
Formato: Texto
Assuntos:
Tags: Adicionar Tag
Sem tags, seja o primeiro a adicionar uma tag!

MARC

LEADER 00000 a a2200000 04500
001 15975
003
040
100 |a Hopenhayn, Martín  
245 |a Educación, comunicación y cultura en la sociedad de la información: una perspectiva latinoamericana /  |c Martín Hopenhayn 
520 |a El autor argumenta la necesidad de armonizar los saltos educativos con otro pilar de la sociedad de la información, a saber, el acceso al intercambio comunicacional por medios interactivos, donde no sólo se juega la competitividad, sino también la identidad cultural y, cada vez más, la participación cuidadana  
650 |a DESARROLLO DE LA EDUCACION  
650 |a FINES DE LA EDUCACION  
650 |a NECESIDADES DE LA EDUCACION  
650 |a PLANIFICACION DE LA EDUCACION  
650 |a PROYECTOS DE EDUCACION  
650 |a REFORMA DE LA EDUCACION  
650 |a CALIDAD DE LA EDUCACION  
650 |a TECNOLOGIA DE LAS COMUNICACIONES  
773 |g número 81; páginas 175-193  
999 |c 38435  |d 38435